{"text_format":"3","workbook":"xlsx","n_sheets":1,"sheets":["t481"],"read":"whole","date_system":"1900"}

{"sheet":"t481","index":0,"n_rows":217,"n_cols":7,"rows_kept":217,"merged":[[0,0,0,6],[28,0,28,5],[45,0,45,5],[164,0,164,5]]}
["TABELA 481.1 - Estatísticas Agrícolas, Município de Ribeirão Preto, Estado de São Paulo, 2016/17."]
["ITEM","UNIDADE","N.DE UPAs","MÍNIMO","MÉDIO","MÁXIMO","TOTAL"]
["Distância à sede do município","km",441,0.7,{"v":12.13,"d":"12.1"},30.8,"-"]
["Área total","hectare",441,0.4,{"v":109.58,"d":"109.6"},{"v":2907.3,"d":"2,907.3"},{"v":48323.46,"d":"48,323.5"}]
["Área com cultura perene","hectare",55,0.1,{"v":6.99,"d":"7.0"},{"v":173,"d":"173.0"},384.5]
["Área com cultura temporária","hectare",386,0.1,102.2,{"v":2624.1,"d":"2,624.1"},{"v":39448.14,"d":"39,448.1"}]
["Área com pastagem","hectare",128,0.1,{"v":12.35,"d":"12.4"},{"v":108,"d":"108.0"},{"v":1580.54,"d":"1,580.5"}]
["Área com reflorestamento","hectare",8,0.5,{"v":16.63,"d":"16.6"},{"v":94,"d":"94.0"},{"v":133,"d":"133.0"}]
["Área com vegetação natural","hectare",194,{"v":0.08,"d":"0.1"},{"v":20.24,"d":"20.2"},516.5,{"v":3926.58,"d":"3,926.6"}]
["Área com vegetação de brejo e várzea","hectare",58,0.1,{"v":23.27,"d":"23.3"},735.6,{"v":1349.5,"d":"1,349.5"}]
["Área em descanso","hectare",8,0.5,{"v":28.56,"d":"28.6"},{"v":138,"d":"138.0"},228.5]
["Área complementar","hectare",272,{"v":0.02,"d":"0.0"},{"v":4.68,"d":"4.7"},138.3,{"v":1272.7,"d":"1,272.7"}]
["Área das UPAs com (0, 1] ha","hectare",15,0.4,{"v":0.71,"d":"0.7"},{"v":1,"d":"1.0"},10.6]
["Área das UPAs com (1, 2] ha","hectare",19,1.2,{"v":1.71,"d":"1.7"},{"v":2,"d":"2.0"},32.4]
["Área das UPAs com (2, 5] ha","hectare",57,2.3,{"v":3.39,"d":"3.4"},{"v":5,"d":"5.0"},{"v":193.38,"d":"193.4"}]
["Área das UPAs com (5, 10] ha","hectare",47,5.3,7.8,9.8,{"v":366.54,"d":"366.5"}]
["Área das UPAs com (10, 20] ha","hectare",55,10.2,{"v":14.21,"d":"14.2"},19.9,781.7]
["Área das UPAs com (20, 50] ha","hectare",69,20.3,{"v":33.81,"d":"33.8"},49.7,{"v":2332.6,"d":"2,332.6"}]
["Área das UPAs com (50, 100] ha","hectare",63,50.8,{"v":70.43,"d":"70.4"},99.4,{"v":4437.3,"d":"4,437.3"}]
["Área das UPAs com (100, 200] ha","hectare",58,100.6,{"v":134.97,"d":"135.0"},197.5,{"v":7828.04,"d":"7,828.0"}]
["Área das UPAs com (200, 500] ha","hectare",39,220.6,{"v":349.16,"d":"349.2"},491.2,{"v":13617.1,"d":"13,617.1"}]
["Área das UPAs com (500, 1.000] ha","hectare",14,535.2,{"v":708.26,"d":"708.3"},991.7,{"v":9915.7,"d":"9,915.7"}]
["Área das UPAs com (1.000, 2.000] ha","hectare",4,{"v":1120.9,"d":"1,120.9"},{"v":1475.2,"d":"1,475.2"},{"v":1903.2,"d":"1,903.2"},{"v":5900.8,"d":"5,900.8"}]
["Área das UPAs com (2.000, 5.000] ha","hectare",1,{"v":2907.3,"d":"2,907.3"},{"v":2907.3,"d":"2,907.3"},{"v":2907.3,"d":"2,907.3"},{"v":2907.3,"d":"2,907.3"}]
["Área das UPAs com (5.000, 10.000] ha","hectare","-","-","-","-","-"]
["Área das UPAs acima de 10.000 ha","hectare","-","-","-","-","-"]
["Fonte: Secretaria de Agricultura e Abastecimento, CDRS/IEA, Projeto LUPA."]
[]
["TABELA 481.2 - Explorações Animais, Município de Ribeirão Preto, Estado de São Paulo, 2016/17."]
["ITEM","UNIDADE","N.DE UPAs","MÍNIMO","MÉDIO","MÁXIMO","TOTAL"]
["Asininos e muares","cabecas",5,{"v":1,"d":"1.0"},1.4,{"v":2,"d":"2.0"},{"v":7,"d":"7.0"}]
["Avicultura de corte","cabecas/ano",4,{"v":25,"d":"25.0"},{"v":113.75,"d":"113.8"},{"v":200,"d":"200.0"},{"v":455,"d":"455.0"}]
["Avicultura para ovos","cabecas",4,{"v":25,"d":"25.0"},{"v":58.75,"d":"58.8"},{"v":100,"d":"100.0"},{"v":235,"d":"235.0"}]
["Bovinocultura de corte","cabecas",24,{"v":3,"d":"3.0"},{"v":45.29,"d":"45.3"},{"v":224,"d":"224.0"},{"v":1087,"d":"1,087.0"}]
["Bovinocultura leiteira","cabecas",6,{"v":2,"d":"2.0"},11.5,{"v":26,"d":"26.0"},{"v":69,"d":"69.0"}]
["Bovinocultura mista","cabecas",48,{"v":2,"d":"2.0"},{"v":21.15,"d":"21.2"},{"v":116,"d":"116.0"},{"v":1015,"d":"1,015.0"}]
["Bubalinocultura","cabecas",1,{"v":5,"d":"5.0"},{"v":5,"d":"5.0"},{"v":5,"d":"5.0"},{"v":5,"d":"5.0"}]
["Caprinocultura","cabecas",1,{"v":8,"d":"8.0"},{"v":8,"d":"8.0"},{"v":8,"d":"8.0"},{"v":8,"d":"8.0"}]
["Carcinocultura","pos-larvas",1,{"v":16,"d":"16.0"},{"v":16,"d":"16.0"},{"v":16,"d":"16.0"},{"v":16,"d":"16.0"}]
["Equinocultura","cabecas",76,{"v":1,"d":"1.0"},{"v":6.84,"d":"6.8"},{"v":40,"d":"40.0"},{"v":520,"d":"520.0"}]
["Ovinocultura","cabecas",14,{"v":5,"d":"5.0"},{"v":36.71,"d":"36.7"},{"v":120,"d":"120.0"},{"v":514,"d":"514.0"}]
["Piscicultura","m2 tanques",6,{"v":1000,"d":"1,000.0"},{"v":8833.33,"d":"8,833.3"},{"v":30000,"d":"30,000.0"},{"v":53000,"d":"53,000.0"}]
["Suinocultura","cabecas",26,{"v":2,"d":"2.0"},{"v":20.69,"d":"20.7"},{"v":120,"d":"120.0"},{"v":538,"d":"538.0"}]
["Fonte: Secretaria de Agricultura e Abastecimento, CDRS/IEA, Projeto LUPA."]
[]
["TABELA 481.3 -  Máquinas, Implementos e Benfeitorias, Município de Ribeirão Preto, Estado de São Paulo, 2016/17."]
["ITEM","UNIDADE","N.DE UPAs","MÍNIMO","MÉDIO","MÁXIMO","TOTAL"]
["Arado comum (bacia, aiveca)","unidade",68,{"v":1,"d":"1.0"},{"v":1.29,"d":"1.3"},{"v":8,"d":"8.0"},{"v":88,"d":"88.0"}]
["Arado escarificador","unidade",12,{"v":1,"d":"1.0"},{"v":1.67,"d":"1.7"},{"v":4,"d":"4.0"},{"v":20,"d":"20.0"}]
["Arado subsolador","unidade",16,{"v":1,"d":"1.0"},{"v":1.38,"d":"1.4"},{"v":3,"d":"3.0"},{"v":22,"d":"22.0"}]
["Batedeira de cereais","unidade",4,{"v":1,"d":"1.0"},{"v":1,"d":"1.0"},{"v":1,"d":"1.0"},{"v":4,"d":"4.0"}]
["Camara fria","unidade",6,{"v":1,"d":"1.0"},{"v":2.33,"d":"2.3"},{"v":4,"d":"4.0"},{"v":14,"d":"14.0"}]
["Carregadeira de cana","unidade",9,{"v":1,"d":"1.0"},{"v":2.33,"d":"2.3"},{"v":10,"d":"10.0"},{"v":21,"d":"21.0"}]
["Carreta de trator","unidade",3,{"v":1,"d":"1.0"},{"v":1,"d":"1.0"},{"v":1,"d":"1.0"},{"v":3,"d":"3.0"}]
["Colhedeira acoplada","unidade",7,{"v":1,"d":"1.0"},{"v":1.29,"d":"1.3"},{"v":2,"d":"2.0"},{"v":9,"d":"9.0"}]
["Colhedeira automotriz","unidade",7,{"v":1,"d":"1.0"},{"v":2,"d":"2.0"},{"v":4,"d":"4.0"},{"v":14,"d":"14.0"}]
["Computador","unidade",5,{"v":1,"d":"1.0"},9.6,{"v":40,"d":"40.0"},{"v":48,"d":"48.0"}]
["Conj.irrigacao autopropelido","unidade",1,{"v":1,"d":"1.0"},{"v":1,"d":"1.0"},{"v":1,"d":"1.0"},{"v":1,"d":"1.0"}]
["Conj.irrigacao convencional","unidade",66,{"v":1,"d":"1.0"},{"v":1.26,"d":"1.3"},{"v":3,"d":"3.0"},{"v":83,"d":"83.0"}]
["Conj.irrigacao pivot central","unidade",2,{"v":1,"d":"1.0"},{"v":1,"d":"1.0"},{"v":1,"d":"1.0"},{"v":2,"d":"2.0"}]
["Conj.irrigacao/gotejamento/microaspersao","unidade",9,{"v":1,"d":"1.0"},{"v":1,"d":"1.0"},{"v":1,"d":"1.0"},{"v":9,"d":"9.0"}]
["Conjunto de fenacao","unidade",5,{"v":1,"d":"1.0"},{"v":1,"d":"1.0"},{"v":1,"d":"1.0"},{"v":5,"d":"5.0"}]
["Desintegrador, picador, triturador","unidade",104,{"v":1,"d":"1.0"},{"v":1.24,"d":"1.2"},{"v":12,"d":"12.0"},{"v":129,"d":"129.0"}]
["Distribuidor de calcario","unidade",16,{"v":1,"d":"1.0"},1.5,{"v":6,"d":"6.0"},{"v":24,"d":"24.0"}]
["Ensiladeira","unidade",13,{"v":1,"d":"1.0"},{"v":1.31,"d":"1.3"},{"v":3,"d":"3.0"},{"v":17,"d":"17.0"}]
["Grade aradora (tipo romi)","unidade",28,{"v":1,"d":"1.0"},{"v":1.32,"d":"1.3"},{"v":3,"d":"3.0"},{"v":37,"d":"37.0"}]
["Grade niveladora","unidade",48,{"v":1,"d":"1.0"},{"v":1.19,"d":"1.2"},{"v":2,"d":"2.0"},{"v":57,"d":"57.0"}]
["Implementos para tracao animal","unidade",5,{"v":2,"d":"2.0"},{"v":3,"d":"3.0"},{"v":5,"d":"5.0"},{"v":15,"d":"15.0"}]
["Misturador de racao","unidade",8,{"v":1,"d":"1.0"},{"v":1,"d":"1.0"},{"v":1,"d":"1.0"},{"v":8,"d":"8.0"}]
["Mmicrotrator","unidade",28,{"v":1,"d":"1.0"},{"v":1.36,"d":"1.4"},{"v":7,"d":"7.0"},{"v":38,"d":"38.0"}]
["Ordenhadeira mecanica","unidade",5,{"v":1,"d":"1.0"},1.2,{"v":2,"d":"2.0"},{"v":6,"d":"6.0"}]
["Pulverizador tratorizado","unidade",48,{"v":1,"d":"1.0"},{"v":1.75,"d":"1.8"},{"v":20,"d":"20.0"},{"v":84,"d":"84.0"}]
["Resfriador de leite, tanque expansao","unidade",8,{"v":1,"d":"1.0"},{"v":1.25,"d":"1.3"},{"v":2,"d":"2.0"},{"v":10,"d":"10.0"}]
["Roçadeira tratorizada","unidade",2,{"v":1,"d":"1.0"},{"v":2,"d":"2.0"},{"v":3,"d":"3.0"},{"v":4,"d":"4.0"}]
["Roçadora","unidade",4,{"v":1,"d":"1.0"},{"v":1.25,"d":"1.3"},{"v":2,"d":"2.0"},{"v":5,"d":"5.0"}]
["Semeadeira/adubadeira para plantio convencional","unidade",23,{"v":1,"d":"1.0"},{"v":1.17,"d":"1.2"},{"v":2,"d":"2.0"},{"v":27,"d":"27.0"}]
["Semeadeira/plantadeira plantio direto","unidade",5,{"v":1,"d":"1.0"},1.2,{"v":2,"d":"2.0"},{"v":6,"d":"6.0"}]
["Terraceador","unidade",2,{"v":1,"d":"1.0"},1.5,{"v":2,"d":"2.0"},{"v":3,"d":"3.0"}]
["Trator de esteiras","unidade",1,{"v":3,"d":"3.0"},{"v":3,"d":"3.0"},{"v":3,"d":"3.0"},{"v":3,"d":"3.0"}]
["Trator de pneus  acima de 85 cv","unidade",47,{"v":1,"d":"1.0"},2.3,{"v":8,"d":"8.0"},{"v":108,"d":"108.0"}]
["Trator de pneus até 65 cv","unidade",29,{"v":1,"d":"1.0"},{"v":1.31,"d":"1.3"},{"v":4,"d":"4.0"},{"v":38,"d":"38.0"}]
["Trator de pneus de 66 cv a 85 cv","unidade",61,{"v":1,"d":"1.0"},{"v":1.57,"d":"1.6"},{"v":9,"d":"9.0"},{"v":96,"d":"96.0"}]
["Acude/represa","unidade",80,{"v":1,"d":"1.0"},1.9,{"v":16,"d":"16.0"},{"v":152,"d":"152.0"}]
["Adega cantina","unidade",2,{"v":1,"d":"1.0"},{"v":1,"d":"1.0"},{"v":1,"d":"1.0"},{"v":2,"d":"2.0"}]
["Almoxarifado/oficina","unidade",44,{"v":1,"d":"1.0"},{"v":1.11,"d":"1.1"},{"v":2,"d":"2.0"},{"v":49,"d":"49.0"}]
["Armazem para graos ensacados","sacas",16]
["Balanca para bovinos","unidade",9,{"v":1,"d":"1.0"},{"v":1.11,"d":"1.1"},{"v":2,"d":"2.0"},{"v":10,"d":"10.0"}]
["Balanca para veiculos","unidade",4,{"v":1,"d":"1.0"},{"v":1.25,"d":"1.3"},{"v":2,"d":"2.0"},{"v":5,"d":"5.0"}]
["Barracao para granja/avicultura","unidade",8,{"v":1,"d":"1.0"},{"v":1.63,"d":"1.6"},{"v":4,"d":"4.0"},{"v":13,"d":"13.0"}]
["Barracao/galpao/garagem","unidade",134,{"v":1,"d":"1.0"},{"v":2.15,"d":"2.2"},{"v":120,"d":"120.0"},{"v":288,"d":"288.0"}]
["Biodigestor","unidade",1,{"v":1,"d":"1.0"},{"v":1,"d":"1.0"},{"v":1,"d":"1.0"},{"v":1,"d":"1.0"}]
["Casa de moradia habitada","unidade",238,{"v":1,"d":"1.0"},{"v":5.32,"d":"5.3"},{"v":580,"d":"580.0"},{"v":1266,"d":"1,266.0"}]
["Casa de moradia total","unidade",248,{"v":1,"d":"1.0"},{"v":6.31,"d":"6.3"},{"v":650,"d":"650.0"},{"v":1566,"d":"1,566.0"}]
["Curral/mangueira","unidade",93,{"v":1,"d":"1.0"},1.1,{"v":4,"d":"4.0"},{"v":102,"d":"102.0"}]
["Deposito/tulha","unidade",94,{"v":1,"d":"1.0"},{"v":1.15,"d":"1.2"},{"v":4,"d":"4.0"},{"v":108,"d":"108.0"}]
["Engenho","unidade",1,{"v":1,"d":"1.0"},{"v":1,"d":"1.0"},{"v":1,"d":"1.0"},{"v":1,"d":"1.0"}]
["Estabulo","unidade",60,{"v":1,"d":"1.0"},{"v":1.22,"d":"1.2"},{"v":10,"d":"10.0"},{"v":73,"d":"73.0"}]
["Estacao/posto meteorologico","unidade",3,{"v":1,"d":"1.0"},{"v":1,"d":"1.0"},{"v":1,"d":"1.0"},{"v":3,"d":"3.0"}]
["Estufa/plasticultura","m2",16]
["Fabrica de racao","unidade",5,{"v":1,"d":"1.0"},{"v":1,"d":"1.0"},{"v":1,"d":"1.0"},{"v":5,"d":"5.0"}]
["Instalacoes para equinos","unidade",27,{"v":1,"d":"1.0"},{"v":8.11,"d":"8.1"},{"v":26,"d":"26.0"},{"v":219,"d":"219.0"}]
["Maquina de beneficio","unidade",18,{"v":1,"d":"1.0"},{"v":1,"d":"1.0"},{"v":1,"d":"1.0"},{"v":18,"d":"18.0"}]
["Packing house","unidade",13,{"v":1,"d":"1.0"},{"v":1.08,"d":"1.1"},{"v":2,"d":"2.0"},{"v":14,"d":"14.0"}]
["Pocilga","unidade",58,{"v":1,"d":"1.0"},{"v":4.64,"d":"4.6"},{"v":30,"d":"30.0"},{"v":269,"d":"269.0"}]
["Poco semi-artesiano","unidade",56,{"v":1,"d":"1.0"},{"v":1.29,"d":"1.3"},{"v":8,"d":"8.0"},{"v":72,"d":"72.0"}]
["Secador de graos","unidade",8,{"v":1,"d":"1.0"},{"v":1,"d":"1.0"},{"v":1,"d":"1.0"},{"v":8,"d":"8.0"}]
["Silo para graos","ton",1]
["Silo para silagem","ton",17]
["Terreiro","m2",21]
["Usina de acucar/destilaria","unidade",1,{"v":1,"d":"1.0"},{"v":1,"d":"1.0"},{"v":1,"d":"1.0"},{"v":1,"d":"1.0"}]
["Fonte: Secretaria de Agricultura e Abastecimento, CDRS/IEA, Projeto LUPA."]
[]
["TABELA 481.4 - Outras Estatísticas Agrícolas, Município de Ribeirão Preto, Estado de São Paulo, 2016/17."]
["ITEM","Número de UPAs",null,"Percentual"]
["Faz Parte de Associação de Produtores",111,null,{"v":25.170068027210885,"d":"25.2"}]
["Faz Parte de Cooperativa de Produtores",174,null,{"v":39.45578231292517,"d":"39.5"}]
["Faz Parte do Sindicato de Produtores",176,null,{"v":39.909297052154194,"d":"39.9"}]
["Não utiliza assistência técnica ",151,null,{"v":34.240362811791385,"d":"34.2"}]
["Utiliza somente assistência técnica governamental ",47,null,{"v":10.657596371882086,"d":"10.7"}]
["Utiliza somente assistência técnica privada ",175,null,{"v":39.682539682539684,"d":"39.7"}]
["Utiliza assistência técnica tanto governamental quanto privada",68,null,{"v":15.419501133786847,"d":"15.4"}]
["Utiliza Crédito Rural",67,null,{"v":15.192743764172336,"d":"15.2"}]
["Utiliza Seguro Rural",20,null,{"v":4.535147392290249,"d":"4.5"}]
["Utiliza Escrituração Agrícola",300,null,{"v":68.02721088435374,"d":"68.0"}]
["Acessa Internet p/ Fins na Agropecuária",100,null,{"v":22.675736961451246,"d":"22.7"}]
["Utiliza Computador nas Atividades Agropecuárias",100,null,{"v":22.675736961451246,"d":"22.7"}]
["Utiliza Energia Elétrica Para Uso na Atividade Agrícola",256,null,{"v":58.049886621315196,"d":"58.0"}]
["Utiliza Energia Alternativa",2,null,{"v":0.45351473922902497,"d":"0.5"}]
["Realiza Análise de Solo, quando necessário",193,null,{"v":43.764172335600904,"d":"43.8"}]
["Realiza Calagem",24,null,{"v":5.442176870748299,"d":"5.4"}]
["Utiliza Práticas de Conservação de Solo, quando necessário",337,null,{"v":76.41723356009071,"d":"76.4"}]
["Faz Adubação Mineral, quando necessário",333,null,{"v":75.51020408163265,"d":"75.5"}]
["Faz Adubação Orgânica, quando necessário",142,null,{"v":32.19954648526077,"d":"32.2"}]
["Faz Adubação Verde, quando necessário",18,null,{"v":4.081632653061225,"d":"4.1"}]
["Utiliza Manejo Integrado de Pragas (MIP)",3,null,{"v":0.6802721088435374,"d":"0.7"}]
["Utiliza Hidroponia",1,null,{"v":0.22675736961451248,"d":"0.2"}]
["Utiliza Cultivo em Estufa",17,null,{"v":3.854875283446712,"d":"3.9"}]
["Utiliza Mudas Fiscalizadas",79,null,{"v":17.913832199546487,"d":"17.9"}]
["Utiliza Semente Melhorada",138,null,{"v":31.29251700680272,"d":"31.3"}]
["Faz Confinamento de Bovinos",3,null,{"v":0.6802721088435374,"d":"0.7"}]
["Utiliza Pastejo Intensivo",56,null,{"v":12.698412698412698,"d":"12.7"}]
["Faz Inseminação Artificial",6,null,{"v":1.3605442176870748,"d":"1.4"}]
["Faz Mineralização do Rebanho",79,null,{"v":17.913832199546487,"d":"17.9"}]
["Faz Vermifugação do Rebanho",78,null,{"v":17.687074829931973,"d":"17.7"}]
["Possui Parceiros /Arrendatários na Exploração Animal",89,null,{"v":20.181405895691608,"d":"20.2"}]
["Existência de trabalhadores c/ deficiência na UPA",1,null,{"v":0.22675736961451248,"d":"0.2"}]
["Esporte e lazer",5,null,{"v":1.1337868480725624,"d":"1.1"}]
["Extração mineral","-",null,"-"]
["Hotel Fazenda, Pousada ou SPA",1,null,{"v":0.22675736961451248,"d":"0.2"}]
["Pesque-pague",4,null,{"v":0.9070294784580499,"d":"0.9"}]
["Restaurante ou Lanchonete",2,null,{"v":0.45351473922902497,"d":"0.5"}]
["Transformação artesanal",1,null,{"v":0.22675736961451248,"d":"0.2"}]
["Turismo rural ou ecoturismo",1,null,{"v":0.22675736961451248,"d":"0.2"}]
["Outras atividades econômicas rurais",13,null,{"v":2.947845804988662,"d":"2.9"}]
["Agroindústria",2,null,{"v":0.45351473922902497,"d":"0.5"}]
["Proprietário sem instrução ou com instrução incompleta",3,null,{"v":0.6802721088435374,"d":"0.7"}]
["Proprietário com antigo primário completo",49,null,{"v":11.111111111111112,"d":"11.1"}]
["Proprietário com 1° grau (ou antigo ginasial) completo",59,null,{"v":13.378684807256235,"d":"13.4"}]
["Proprietário com 2° grau (ou antigo colegial) completo",88,null,{"v":19.954648526077097,"d":"20.0"}]
["Proprietário com curso superior completo ",206,null,{"v":46.71201814058957,"d":"46.7"}]
["Pessoa Jurídica",36,null,{"v":8.16326530612245,"d":"8.2"}]
["Proprietário residente na própria UPA ",91,null,{"v":20.634920634920633,"d":"20.6"}]
["Fonte: Secretaria de Agricultura e Abastecimento, CDRS/IEA, Projeto LUPA."]
[]
["TABELA 481.5 - Área Cultivada, Município de Ribeirão Preto, Estado de São Paulo, 2016/17."]
["CULTURA","N.DE UPAs","MÍNIMO","MÉDIO","MÁXIMO","TOTAL"]
["Cana-de-acucar finalidade industria",272,{"v":2,"d":"2.0"},{"v":135.65,"d":"135.7"},{"v":2624.1,"d":"2,624.1"},{"v":36897.8,"d":"36,897.8"}]
["Braquiaria",109,0.1,{"v":13.16,"d":"13.2"},{"v":108,"d":"108.0"},{"v":1434.54,"d":"1,434.5"}]
["Milho safra",46,0.5,{"v":17.41,"d":"17.4"},{"v":150,"d":"150.0"},800.7]
["Amendoim",11,{"v":5,"d":"5.0"},{"v":65.73,"d":"65.7"},220.2,{"v":723,"d":"723.0"}]
["Soja",13,{"v":4,"d":"4.0"},{"v":54.55,"d":"54.6"},136.7,709.1]
["Mandioca",23,0.1,{"v":7.84,"d":"7.8"},{"v":140,"d":"140.0"},180.3]
["Alface",41,0.1,{"v":3.76,"d":"3.8"},{"v":120,"d":"120.0"},{"v":154,"d":"154.0"}]
["Couve (ou couve-crespa)",28,0.1,{"v":4.73,"d":"4.7"},{"v":120,"d":"120.0"},132.5]
["Eucalipto",7,0.5,{"v":18.23,"d":"18.2"},{"v":94,"d":"94.0"},127.6]
["Gramas",18,{"v":1,"d":"1.0"},{"v":6.08,"d":"6.1"},24.2,109.4]
["Acerola (ou cereja-das-antilhas)",1,{"v":103,"d":"103.0"},{"v":103,"d":"103.0"},{"v":103,"d":"103.0"},{"v":103,"d":"103.0"}]
["Chicoria (ou chicoria-de-folha-crespa)",20,0.1,{"v":4.32,"d":"4.3"},{"v":80,"d":"80.0"},86.3]
["Acelga",2,0.3,{"v":40.15,"d":"40.2"},{"v":80,"d":"80.0"},80.3]
["Cafe",9,{"v":2,"d":"2.0"},{"v":8.53,"d":"8.5"},{"v":17,"d":"17.0"},76.8]
["Banana",7,0.2,{"v":9.44,"d":"9.4"},{"v":50,"d":"50.0"},66.1]
["Feijao-de-corda",1,{"v":60,"d":"60.0"},{"v":60,"d":"60.0"},{"v":60,"d":"60.0"},{"v":60,"d":"60.0"}]
["Abobora (ou jerimum)",19,0.3,2.7,{"v":18,"d":"18.0"},51.3]
["Outras frutiferas",5,0.5,{"v":8.06,"d":"8.1"},{"v":20,"d":"20.0"},40.3]
["Outras olericolas",37,0.1,{"v":1.05,"d":"1.1"},{"v":6,"d":"6.0"},38.9]
["Pomar domestico",25,0.1,{"v":1.42,"d":"1.4"},{"v":12,"d":"12.0"},35.6]
["Chuchu",10,1.2,{"v":3.26,"d":"3.3"},{"v":6,"d":"6.0"},32.6]
["Outras gramineas para pastagem",6,1.2,{"v":5.27,"d":"5.3"},16.9,31.6]
["Feijao",3,1.1,{"v":10.03,"d":"10.0"},{"v":20,"d":"20.0"},30.1]
["Lichia",3,{"v":1,"d":"1.0"},6.6,{"v":15,"d":"15.0"},19.8]
["Brocolos (ou brocolis)",14,0.1,{"v":1.35,"d":"1.4"},{"v":5,"d":"5.0"},18.9]
["Limao",2,2.4,{"v":7.95,"d":"8.0"},13.5,15.9]
["Cebolinha",25,0.1,{"v":0.48,"d":"0.5"},{"v":3,"d":"3.0"},11.9]
["Abacate",7,0.8,{"v":1.39,"d":"1.4"},2.4,9.7]
["Cana-de-acucar outras finalidades",8,0.1,{"v":1.11,"d":"1.1"},4.8,8.9]
["Jilo",9,0.3,{"v":0.98,"d":"1.0"},{"v":3,"d":"3.0"},8.8]
["Berinjela",10,0.2,{"v":0.81,"d":"0.8"},2.6,8.1]
["Espinafre (ou espinafre-europeu)",17,0.1,{"v":0.34,"d":"0.3"},{"v":1,"d":"1.0"},5.8]
["Seringueira",1,5.5,5.5,5.5,5.5]
["Pinus",1,5.4,5.4,5.4,5.4]
["Pupunha",1,{"v":5,"d":"5.0"},{"v":5,"d":"5.0"},{"v":5,"d":"5.0"},{"v":5,"d":"5.0"}]
["Capim-napier (ou capim-elefante)",5,0.1,{"v":1,"d":"1.0"},2.4,{"v":5,"d":"5.0"}]
["Manga",2,0.8,{"v":2.15,"d":"2.2"},3.5,4.3]
["Couve-flor",1,{"v":3,"d":"3.0"},{"v":3,"d":"3.0"},{"v":3,"d":"3.0"},{"v":3,"d":"3.0"}]
["Acafrao",2,0.2,1.1,{"v":2,"d":"2.0"},2.2]
["Feijao-vagem (ou vagem, ou feijao-verde)",1,{"v":2,"d":"2.0"},{"v":2,"d":"2.0"},{"v":2,"d":"2.0"},{"v":2,"d":"2.0"}]
["Tomate envarado",1,{"v":2,"d":"2.0"},{"v":2,"d":"2.0"},{"v":2,"d":"2.0"},{"v":2,"d":"2.0"}]
["Pepino",1,{"v":2,"d":"2.0"},{"v":2,"d":"2.0"},{"v":2,"d":"2.0"},{"v":2,"d":"2.0"}]
["Laranja Mercado",1,1.5,1.5,1.5,1.5]
["Beterraba",1,{"v":1,"d":"1.0"},{"v":1,"d":"1.0"},{"v":1,"d":"1.0"},{"v":1,"d":"1.0"}]
["Viveiro de frutiferas em geral",1,{"v":1,"d":"1.0"},{"v":1,"d":"1.0"},{"v":1,"d":"1.0"},{"v":1,"d":"1.0"}]
["Quiabo",2,0.5,0.5,0.5,{"v":1,"d":"1.0"}]
["Gengibre",1,{"v":1,"d":"1.0"},{"v":1,"d":"1.0"},{"v":1,"d":"1.0"},{"v":1,"d":"1.0"}]
["Horta domestica",1,{"v":1,"d":"1.0"},{"v":1,"d":"1.0"},{"v":1,"d":"1.0"},{"v":1,"d":"1.0"}]
["Outros viveiros",1,0.4,0.4,0.4,0.4]
["Pimentao",1,0.1,0.1,0.1,0.1]
["Fonte: Secretaria de Agricultura e Abastecimento, CDRS/IEA, Projeto LUPA."]